000
00227nam a22000857a 4500
008
160816b xxu||||| |||| 00| 0 eng d
100
_9
134
_a
Verma P.S
245
_a
Biology-IX
_b
Part-III
260
_a
New Delhi
_b
S.Chand publication
_c
2011
999
_c
2789
_d
2789